000 00347nam a2200157Ia 4500
003 Ost
005 20260225132552.0
008 260225s9999||||xx |||||||||||||| ||und||
040 _cfsic
041 _afre
082 _a440
100 _aM.E Benissad
_eAuteur
245 0 _aEconomie internationale /
245 0 _cM.E Benissad
942 _cكتاب
999 _c34235
_d34235